[Event "Malmo Open"]
[Site "Malmo"]
[Date "2016.12.17"]
[Round "3.8"]
[White "Hagglund, Lars"]
[Black "Rodkjar Bank, Pelle"]
[Result "0-1"]
[WhiteElo "1883"]
[BlackElo "2283"]

1.d4 e6 2.Nf3 c5 3.c3 Nf6 4.Bg5 b6 5.e3 Bb7 6.Nbd2 Be7 7.Bd3 Nc6 8.O-O d5 
9.Qe2 a6 10.Rae1 O-O 11.Bb1 Nd7 12.Bxe7 Nxe7 13.Qd3 Ng6 14.e4 a5 15.exd5 
Ba6 16.c4 exd5 17.b3 Qc7 18.Re7 Rfe8 19.Re3 dxc4 20.bxc4 cxd4 21.Qxd4 Rxe3
22.fxe3 Rd8 23.Ng5 Nf6 24.Qb2 Qc5 25.Ngf3 Qxe3+ 26.Kh1 Qc5 27.Qc3 Nf4 28.
Qc2 Nd3 29.h3 Qe3 30.Qb3 Nh5 31.Re1 Nf2+ 32.Kh2 Qf4+ 33.Kg1 Nxh3+ 34.gxh3 
Qg3+ 35.Kh1 Bb7 36.Be4 Rxd2 37.Nxd2 Qxe1+ 38.Kg2 Qxd2+ 39.Kf3 Qf4+ 0-1

[Event "Malmo Open"]
[Site "Malmo"]
[Date "2016.12.17"]
[Round "3.9"]
[White "Sjodahl, Olof"]
[Black "Reimanis, Ritvars"]
[Result "0-1"]
[WhiteElo "1876"]
[BlackElo "2257"]

1.e4 c5 2.Nf3 Nc6 3.d4 cxd4 4.Nxd4 Nf6 5.Nc3 d6 6.Bg5 e6 7.Qd2 a6 8.f4 Bd7
9.O-O-O h6 10.Bh4 g5 11.fxg5 Ng4 12.h3 Nge5 13.Be2 Be7 14.Kb1 hxg5 15.Bg3 
Qc7 16.Rhf1 Nxd4 17.Qxd4 b5 18.Bd3 f6 19.Ne2 Rc8 20.Rc1 Qc5 21.Qxc5 Rxc5 
22.Nd4 Bc8 23.Bf2 Rc7 24.Nb3 Bb7 25.Na5 Ba8 26.a4 Nc4 27.Be1 d5 28.exd5 
Bxd5 29.Rf2 O-O 30.g4 Bd6 31.axb5 axb5 32.Nb3 Be5 33.Bb4 Ra8 34.c3 Bf4 35.
Rxf4 gxf4 36.Nd4 Ne3 37.b3 Rca7 38.c4 Ra1+ 39.Kb2 R8a2+ 40.Kc3 Rxc1+ 0-1

[Event "Malmo Open"]
[Site "Malmo"]
[Date "2016.12.17"]
[Round "3.10"]
[White "Szczepanowski, Tomasz"]
[Black "Hansen, Lars"]
[Result "1/2-1/2"]
[WhiteElo "1874"]
[BlackElo "2255"]

1.e4 e6 2.d4 d5 3.exd5 exd5 4.Bf4 Nf6 5.Bd3 Bd6 6.Bxd6 Qxd6 7.c3 O-O 8.Ne2
Re8 9.O-O Nc6 10.Ng3 Bd7 11.Nd2 Ng4 12.Nf3 Ne7 13.Qd2 Ng6 14.Rae1 Nf4 15.
Bf5 Ng6 16.Qg5 Nh6 17.Bc2 f6 18.Qd2 Nf4 19.Ne2 Rxe2 20.Rxe2 Bb5 21.Re3 
Bxf1 22.Kxf1 Qd7 23.h3 g5 24.Ne1 Kf8 25.Nd3 Nf5 26.Rf3 Nh4 27.Rxf4 gxf4 
28.Qxf4 1/2-1/2

[Event "MSF Open"]
[Site "Malmo"]
[Date "2016.12.17"]
[Round "3.11"]
[White "Rask, Patrik"]
[Black "Ostergaard-Nielsen, William"]
[Result "1/2-1/2"]
[WhiteElo "1451"]
[BlackElo "1535"]

1.e4 e5 2.Nf3 Nf6 3.d3 Nc6 4.Bd2 h6 5.Nc3 Bc5 6.h3 d5 7.exd5 Nxd5 8.Be2 
O-O 9.O-O Be6 10.Nxd5 Bxd5 11.Bc3 Qd6 12.Nd2 Qg6 13.Bf3 Be6 14.Bh5 Qf6 15.
Ne4 Qe7 16.Nxc5 Qxc5 17.Bf3 Rfe8 18.Re1 Bd5 19.Be4 Bxe4 20.Rxe4 f5 21.Re3 
Rad8 22.Qh5 Nd4 23.Bxd4 Qxd4 24.Rb1 Qd7 25.Rbe1 Qe6 26.b3 c5 27.Rxe5 Qxe5 
28.Rxe5 Rxe5 29.Qf3 b6 30.Qb7 Rde8 31.Qxa7 R8e6 32.Qa8+ Kf7 33.Qf3 g5 34.
Qb7+ Kg6 35.Qb8 h5 36.Qg8+ Kh6 37.Qh8+ Kg6 38.Qg8+ Kh6 39.Qf8+ Kg6 40.Qg8+
1/2-1/2

[Event "MSF Open"]
[Site "Malmo"]
[Date "2016.12.17"]
[Round "3.12"]
[White "Morell, Adam"]
[Black "Sadiku, Lorik"]
[Result "0-1"]
[WhiteElo "1430"]
[BlackElo "1492"]

1.e4 d5 2.exd5 Qxd5 3.Nc3 Qd8 4.d4 e6 5.Bc4 Nf6 6.Nf3 Be7 7.Be3 O-O 8.Qd2 
Nd5 9.Nxd5 exd5 10.Bd3 Nc6 11.c3 Re8 12.O-O Bg4 13.Ne5 Nxe5 14.dxe5 c5 15.
Bc2 Be6 16.f4 f6 17.exf6 gxf6 18.f5 Bf7 19.Bh6 Kh8 20.Rf3 Rg8 21.Rh3 d4 
22.Bf4 dxc3 23.Qxc3 Qd4+ 24.Be3 Qxc3 25.bxc3 Bd5 26.g3 b6 27.Bb3 c4 28.Bc2
b5 29.Rh4 Rge8 30.Bd4 Bd8 31.Kf2 Bb6 32.Bxb6 axb6 33.Rd4 Re5 34.a4 bxa4 
35.Rxa4 Rxa4 36.Bxa4 Rxf5+ 37.Rf4 Rh5 38.h4 Kg7 39.Bd1 Re5 40.Bf3 b5 41.
Rd4 Bxf3 42.Kxf3 Re1 43.Rd7+ Kg6 44.Rb7 Re5 45.Kf4 h5 46.Rd7 Rf5+ 47.Ke4 
Re5+ 48.Kd4 Re1 49.Rd5 Rb1 50.Rd6 Rb3 51.Rb6 Kf5 52.Kc5 Rxc3 53.Rxb5 Kg4 
54.Kc6 Rxg3 55.Rc5 Rc3 56.Kd6 Kxh4 57.Ke6 Kh3 58.Kxf6 h4 59.Ke5 Kg2 60.Kd4
Rc1 61.Rg5+ Kh2 62.Rg4 h3 63.Rh4 c3 64.Kd3 Kg3 65.Re4 h2 66.Re3+ Kg4 67.
Re2 h1=Q 0-1

[Event "Malmo Open"]
[Site "Malmo"]
[Date "2016.12.17"]
[Round "4.1"]
[White "Reimanis, Ritvars"]
[Black "Solodovnichenko, Yuri"]
[Result "0-1"]
[WhiteElo "2257"]
[BlackElo "2573"]

1.d4 d6 2.Nf3 g6 3.Bf4 Bg7 4.e3 Nd7 5.Bc4 e6 6.O-O Ngf6 7.Nbd2 Qe7 8.e4 e5
9.dxe5 dxe5 10.Bg3 O-O 11.Qe2 Nh5 12.Bh4 Ndf6 13.Bb3 h6 14.Bxf6 Bxf6 15.g3
Bh3 16.Rfe1 Kh7 17.Kh1 Bg7 18.Ng1 Bd7 19.Nc4 Nf6 20.Ne3 Qc5 21.f3 h5 22.
Qc4 Qb6 23.Qc3 Rae8 24.Rad1 Re7 25.Nc4 Qc5 26.Qe3 Qxe3 27.Rxe3 b6 28.Rc3 
Bc8 29.Ne3 Bh6 30.Kg2 Kg7 31.Nh3 a5 32.a4 Bxe3 33.Rxe3 Nd7 34.Bc4 Nc5 35.
b3 Bb7 36.Nf2 g5 37.Bd5 Ba6 38.Ree1 Rh8 39.f4 gxf4 40.gxf4 Rh6 41.Nd3 Nd7 
42.f5 Rd6 43.Bc4 Bxc4 44.bxc4 Rd4 45.Nb2 Rxd1 46.Rxd1 Nc5 47.Kf3 Re8 48.
Rd5 Kf6 49.Rd2 Rg8 50.Nd1 Rg4 51.Nf2 Rf4+ 52.Ke3 Ke7 53.Rd5 f6 54.Rd1 Nxa4
55.Rg1 Kf7 56.Nd3 Rh4 57.Rg2 Nc3 58.Nf2 Na4 59.Nd3 Nc3 60.Nf2 Nb1 61.Rg6 
Na3 62.Rh6 Nxc2+ 63.Kf3 Rf4+ 64.Kg3 Kg7 65.Rg6+ Kf7 66.Rh6 h4+ 67.Kg2 Ne3+
68.Kg1 Ng4 69.Nxg4 Rxg4+ 70.Kf2 Kg7 0-1

[Event "Malmo Open"]
[Site "Malmo"]
[Date "2016.12.17"]
[Round "4.2"]
[White "Tikkanen, Hans"]
[Black "Burwick, Malte"]
[Result "1-0"]
[WhiteElo "2531"]
[BlackElo "2238"]

1.e4 g6 2.d4 Bg7 3.Nf3 d6 4.Be2 Nf6 5.Nc3 O-O 6.O-O e6 7.h3 Nc6 8.Be3 b6 
9.Qd2 Bb7 10.Bh6 Ne7 11.Bd3 d5 12.Bxg7 Kxg7 13.e5 Ne4 14.Qf4 f5 15.Ne2 Ng8
16.h4 h6 17.Qe3 Qe8 18.g3 Ne7 19.Kg2 c5 20.c3 Rc8 21.Rh1 Nc6 22.Nfg1 cxd4 
23.cxd4 Nxe5 24.dxe5 d4 25.Nxd4 Nxg3+ 26.Kh2 f4 27.Qe1 Nxh1 28.Ngf3 Rd8 
29.Rd1 Qe7 30.Qg1 Ng3 31.fxg3 Rxd4 32.Nxd4 f3 33.Qe3 Bd5 34.Be4 f2 35.Rf1 
Bxe4 36.Qxe4 Qd7 37.Kg2 1-0

[Event "Malmo Open"]
[Site "Malmo"]
[Date "2016.12.17"]
[Round "4.3"]
[White "Brynell, Stellan"]
[Black "Nilsson, Patrik 1978"]
[Result "1/2-1/2"]
[WhiteElo "2448"]
[BlackElo "2151"]

1.Nf3 f5 2.g3 Nf6 3.Bg2 g6 4.O-O Bg7 5.d4 O-O 6.Nbd2 Nc6 7.b3 Ne4 8.Bb2 
Nxd2 9.Qxd2 d6 10.c4 e5 11.dxe5 dxe5 12.Qd5+ Kh8 13.Qxd8 Rxd8 14.Ng5 Rd2 
15.Bc3 Rc2 16.Rac1 Rxc1 17.Rxc1 e4 18.f3 h6 19.Nh3 Nd4 20.Kf2 exf3 21.exf3
Ne6 22.f4 c6 23.c5 Bd7 24.Ng1 Be8 25.Nf3 Bxc3 26.Rxc3 Rd8 27.b4 Kg7 28.Bf1
Bf7 29.Ra3 a6 30.Rd3 Rxd3 31.Bxd3 a5 32.a3 axb4 33.axb4 Nc7 34.Ne5 Be6 35.
h4 Kf6 36.Nf3 Nd5 37.b5 cxb5 38.Bxb5 Nc3 39.c6 bxc6 40.Bxc6 Bd5 41.Bxd5 
1/2-1/2

[Event "Malmo Open"]
[Site "Malmo"]
[Date "2016.12.17"]
[Round "4.4"]
[White "Pantzar, Milton"]
[Black "Lindgren, Philip"]
[Result "0-1"]
[WhiteElo "2237"]
[BlackElo "2424"]

1.d4 Nf6 2.c4 e6 3.Nc3 d5 4.cxd5 exd5 5.Bg5 c6 6.e3 Be7 7.Bd3 Nbd7 8.Qc2 
Nh5 9.Bxe7 Qxe7 10.Nge2 Nb6 11.O-O-O Be6 12.Kb1 O-O-O 13.Rc1 Kb8 14.Na4 
Nxa4 15.Qxa4 Bc8 16.Rc3 Nf6 17.Ra3 a6 18.Rc1 Ne4 19.f3 Nd6 20.Qb4 Nf5 21.
Qb6 Qc7 22.Qb3 Nxe3 23.Rxa6 Nc4 24.Bxc4 dxc4 25.Rxc4 Bf5+ 26.Ka1 Be6 27.
Rca4 Qxh2 28.Qc3 bxa6 29.Qxc6 Qd6 30.Qc3 Rc8 31.Rb4+ Ka8 0-1

[Event "Malmo Open"]
[Site "Malmo"]
[Date "2016.12.17"]
[Round "4.5"]
[White "Golubka, Petro"]
[Black "Garner Christensen, Bo"]
[Result "1-0"]
[WhiteElo "2407"]
[BlackElo "2127"]

1.e4 c5 2.c3 e5 3.Nf3 Nc6 4.d4 Qc7 5.dxe5 Nxe5 6.Na3 Nf6 7.Nb5 Qb8 8.Nxe5 
Qxe5 9.Qf3 Bd6 10.Nxd6+ Qxd6 11.Bf4 Qe6 12.O-O-O Qxa2 13.e5 Ng8 14.Be3 
Qa1+ 15.Kc2 Qa4+ 16.Kb1 Ne7 17.Bxc5 b6 18.Bd3 Nc6 19.Bd6 Bb7 20.Qg3 O-O-O 
21.Qxg7 Qb3 22.Bc2 Qc4 23.Qf6 Rhg8 24.g3 Rg6 25.Qf4 Qe6 26.f3 Na5 27.Rhe1 
Bd5 28.Rxd5 Qxd5 29.Rd1 Qb5 30.Bd3 Qb3 31.Ba6+ Nb7 32.Qe4 1-0

[Event "Malmo Open"]
[Site "Malmo"]
[Date "2016.12.17"]
[Round "4.6"]
[White "Petkovic, Peter"]
[Black "Ernst, Thomas"]
[Result "0-1"]
[WhiteElo "2109"]
[BlackElo "2358"]

1.e4 c5 2.Nf3 e6 3.d4 cxd4 4.Nxd4 a6 5.Bd3 Bc5 6.Nb3 Be7 7.c4 d6 8.Nc3 Nf6
9.Qe2 Nbd7 10.f4 Qc7 11.Be3 b6 12.g4 h6 13.O-O-O Bb7 14.Rhg1 Nc5 15.Nxc5 
bxc5 16.g5 hxg5 17.fxg5 Nd7 18.g6 Ne5 19.gxf7+ Kxf7 20.Bf4 Bf6 21.Rdf1 Ke7
22.Bc2 Raf8 23.Bg5 Kd8 24.h4 Bxg5+ 25.Rxg5 Rxf1+ 26.Qxf1 Qe7 27.Qg2 g6 28.
Qg3 Rf8 29.Bd1 Qf6 30.h5 gxh5 31.Rxh5 Nxc4 32.Be2 Ne5 33.Rh7 Kc8 34.a4 
Qf4+ 35.Qxf4 Rxf4 36.Kd2 Rf7 37.Rh8+ Kd7 38.Ke3 d5 39.exd5 exd5 40.Kd2 d4 
41.Nd1 Rg7 42.Rh5 Kd6 43.Rh6+ Rg6 44.Rh7 Bc8 45.Nf2 c4 46.Bf1 Rg1 47.Bh3 
Bxh3 48.Nxh3 Rg2+ 49.Kc1 Nd3+ 50.Kb1 Rxb2+ 51.Ka1 c3 52.Rh6+ Kc5 53.Ng5 c2
54.Ne4+ Kd5 55.Nf6+ Kc4 56.Rh1 Rb4 0-1

[Event "Malmo Open"]
[Site "Malmo"]
[Date "2016.12.17"]
[Round "4.7"]
[White "Rodkjar Bank, Pelle"]
[Black "Johansson, Mikael"]
[Result "1-0"]
[WhiteElo "2283"]
[BlackElo "2029"]

1.d4 f5 2.c4 Nf6 3.Nc3 g6 4.Nf3 Bg7 5.Bf4 d6 6.e3 O-O 7.c5 c6 8.Qb3+ d5 9.
Be2 Qe8 10.Ne5 Nbd7 11.Nd3 Ne4 12.f3 Nxc3 13.Qxc3 a5 14.Rc1 h6 15.h4 e6 
16.Kd2 b5 17.cxb6 Nxb6 18.Ne5 Ba6 19.Qxc6 Bxe5 20.Qxe8 Rfxe8 21.Bxe5 Bxe2 
22.Kxe2 Rac8 23.b3 a4 24.Bc7 Na8 25.Bf4 axb3 26.axb3 Kg7 27.Kd2 1-0

[Event "Malmo Open"]
[Site "Malmo"]
[Date "2016.12.17"]
[Round "4.8"]
[White "Hoi, Carsten"]
[Black "Carlsson, Ludvig"]
[Result "1-0"]
[WhiteElo "2378"]
[BlackElo "2073"]

1.d4 Nf6 2.c4 g6 3.Nc3 d5 4.Nf3 Bg7 5.cxd5 Nxd5 6.e4 Nxc3 7.bxc3 O-O 8.Be3
c5 9.Rc1 cxd4 10.cxd4 Bg4 11.Qd2 Nc6 12.d5 Bxf3 13.gxf3 Ne5 14.Be2 Rc8 15.
O-O b6 16.f4 Nd7 17.e5 Nc5 18.Bg4 Rc7 19.Rfd1 f5 20.Bf3 Qd7 21.d6 exd6 22.
Qxd6 Rd8 23.Bxc5 bxc5 24.Qa6 Qc8 25.Rxd8+ Qxd8 26.Qe6+ Kh8 27.Rd1 Qc8 28.
Qd6 h5 29.Kh1 Bh6 30.Qf6+ 1-0

[Event "Malmo Open"]
[Site "Malmo"]
[Date "2016.12.17"]
[Round "4.9"]
[White "Harren, Mats"]
[Black "Jogstad, Martin"]
[Result "1-0"]
[WhiteElo "2053"]
[BlackElo "2282"]

1.e4 e6 2.d4 d5 3.Nd2 Nf6 4.e5 Nfd7 5.f4 c5 6.c3 Nc6 7.Ndf3 Qb6 8.a3 Be7 
9.b4 cxd4 10.cxd4 a6 11.Bb2 Qc7 12.Rc1 b5 13.Qc2 Bb7 14.f5 Nb6 15.Nh3 Nc4 
16.fxe6 fxe6 17.Bxc4 dxc4 18.O-O O-O-O 19.Nhg5 Bxg5 20.Nxg5 Rhe8 21.Nf7 
Nxd4 22.Bxd4 Rxd4 23.Nd6+ Rxd6 24.exd6 Qxd6 25.Qxh7 Qd4+ 26.Kh1 Rd8 27.Qh3
Kb8 28.Qxe6 Rd6 29.Qe2 Rd7 30.Rcd1 Bxg2+ 31.Kxg2 Qg4+ 32.Qxg4 1-0

[Event "Malmo Open"]
[Site "Malmo"]
[Date "2016.12.17"]
[Round "4.10"]
[White "Manosri Jacobsen, Mikkel"]
[Black "Sjostrand, Joel"]
[Result "1-0"]
[WhiteElo "2264"]
[BlackElo "1900"]

1.d4 f5 2.Nc3 Nf6 3.Bg5 d5 4.Bxf6 exf6 5.e3 Be6 6.Qh5+ g6 7.Qf3 Qd7 8.Bb5 
Nc6 9.Nge2 O-O-O 10.a3 g5 11.g3 a6 12.Ba4 b5 13.Bb3 h5 14.h4 Qf7 15.O-O-O 
Na5 16.Ba2 Nc4 17.a4 c6 18.axb5 axb5 19.Bxc4 bxc4 20.Kd2 Bb4 21.Ra1 Bxc3+ 
22.Nxc3 Qb7 23.hxg5 fxg5 24.Rxh5 Rhg8 25.Rh6 Bd7 26.Kc1 Kc7 27.g4 Rdf8 28.
gxf5 Rxf5 29.Qg3+ Kb6 30.Ra4 Qc8 31.Qd6 Rxf2 32.Nxd5+ 1-0

[Event "MSF Open"]
[Site "Malmo"]
[Date "2016.12.17"]
[Round "4.11"]
[White "Sadiku, Lorik"]
[Black "Jonsson, Oscar"]
[Result "1-0"]
[WhiteElo "1492"]
[BlackElo "1468"]

1.d4 Nf6 2.c4 e6 3.Nc3 d5 4.Bf4 Bb4 5.a3 Bxc3+ 6.bxc3 b6 7.e3 O-O 8.Bg3 
Bb7 9.Nf3 Qc8 10.Be2 Nbd7 11.O-O c5 12.Rc1 Ne4 13.cxd5 exd5 14.Nd2 Nxg3 
15.hxg3 Nf6 16.Bf3 Qd7 17.Re1 Rfe8 18.Qc2 cxd4 19.cxd4 Rac8 20.Qb2 Rxc1 
21.Rxc1 Rc8 22.Be2 Rxc1+ 23.Qxc1 Qc6 24.Qb2 Qd6 25.a4 Bc6 26.Bb5 Ng4 27.
Qc3 Qf6 28.Nf3 Qd6 29.Qxc6 Qxc6 30.Bxc6 Nf6 31.Kf1 Kf8 32.Ke2 Ke7 33.Nh4 
1-0

[Event "MSF Open"]
[Site "Malmo"]
[Date "2016.12.17"]
[Round "4.12"]
[White "Olsson, William"]
[Black "Johansson, Jan"]
[Result "1-0"]
[WhiteElo "1485"]
[BlackElo "1466"]

1.Nf3 Nf6 2.g3 g6 3.Bg2 Bg7 4.d4 d5 5.O-O O-O 6.Nc3 c6 7.Bf4 Bf5 8.Qd2 Re8
9.Bh6 Bh8 10.Nh4 Be6 11.f4 Ne4 12.Nxe4 dxe4 13.c3 f5 14.g4 Nd7 15.gxf5 
gxf5 16.Bh3 Rf8 17.Bxf8 Qxf8 18.Qe3 Qf6 19.Ng2 Kf7 20.Ne1 Rg8+ 21.Bg2 Rg6 
22.Rd1 Bxa2 23.Ra1 Qe6 24.d5 Qxd5 25.Qxa7 Bc4 26.Qe3 Nc5 27.Ra5 Bb5 28.Qh3
h6 29.Ra8 Bg7 30.Qe3 Nb3 31.Nc2 c5 32.Ra3 Bc4 33.Kh1 Qc6 34.Na1 Nxa1 35.
Raxa1 Qb5 36.Rfe1 b6 37.Rab1 Rd6 38.Qh3 Rf6 39.Bf1 Ba2 40.e3 Bxb1 41.Bxb5 
Bd3 42.Bxd3 exd3 43.Rd1 Rd6 44.Qxf5+ 1-0

[Event "Malmo Open"]
[Site "Malmo"]
[Date "2016.12.17"]
[Round "5.1"]
[White "Solodovnichenko, Yuri"]
[Black "Golubka, Petro"]
[Result "1/2-1/2"]
[WhiteElo "2573"]
[BlackElo "2407"]

1.e4 e5 2.Nf3 Nc6 3.d4 exd4 4.Nxd4 Bb4+ 5.c3 Bc5 6.Be3 Bb6 7.Qg4 Qf6 8.Qg3
Qg6 9.Nd2 Nxd4 10.Bxd4 Qxg3 11.hxg3 Bxd4 12.cxd4 Ne7 13.Rc1 c6 14.Nc4 d5 
15.Nd6+ Kf8 16.exd5 Nxd5 17.Bc4 Ke7 18.Nxb7 Bxb7 19.Bxd5 Rhd8 20.Bf3 Rxd4 
21.Rxh7 Re8 22.Kf1 Rd2 23.b4 Ba6+ 24.Kg1 Bd3 25.Rh5 Bb5 26.Ra1 Kd6 27.Rf5 
Re7 28.a4 Be2 29.Bxe2 Rdxe2 30.Rd1+ Kc7 31.Rd4 Re1+ 32.Kh2 R1e5 33.g4 Rxf5
34.gxf5 Re5 35.g4 a5 36.bxa5 c5 37.Rc4 Kc6 38.a6 Re7 39.f6 gxf6 40.Rf4 Kd5
41.Rf5+ Kd4 42.Rxf6 c4 43.Rc6 Kd5 44.Rc8 Ra7 45.g5 Rxa6 46.Rc7 Rxa4 47.
Rxf7 Ra6 48.Rc7 Ra3 49.Kg2 c3 50.f3 Kd4 51.Kg3 Ra5 52.f4 Rc5 53.Rd7+ Ke4 
54.Rd1 c2 55.Rc1 Kf5 56.Kf3 1/2-1/2

[Event "Malmo Open"]
[Site "Malmo"]
[Date "2016.12.17"]
[Round "5.2"]
[White "Ernst, Thomas"]
[Black "Tikkanen, Hans"]
[Result "1-0"]
[WhiteElo "2358"]
[BlackElo "2531"]

1.e4 c6 2.d4 d5 3.exd5 cxd5 4.c4 Nf6 5.Nc3 e6 6.Nf3 Nc6 7.c5 Be7 8.Bb5 O-O
9.O-O Bd7 10.Re1 a6 11.Bxc6 Bxc6 12.Ne5 Ne4 13.Nxc6 bxc6 14.Bf4 g5 15.Nxe4
dxe4 16.Be5 Qd5 17.Qg4 f6 18.Bd6 f5 19.Qh5 Bxd6 20.Qxg5+ Kh8 21.cxd6 Qxd6 
22.Rad1 Rab8 23.b3 Rb5 24.Qh6 Rd5 25.Rc1 Rf7 26.Rc4 Rg7 27.Qe3 Rc7 28.Qc3 
Kg8 29.g3 c5 30.dxc5 Rdxc5 31.Rxc5 Rxc5 32.Qf6 Rc2 33.Qg5+ Kf8 34.Rc1 
Rxc1+ 35.Qxc1 Kf7 36.Kg2 Qd3 37.Qe3 Qd6 38.Qh6 Kg8 39.h4 Qd5 40.Kh2 a5 41.
h5 Qe5 42.Kh3 Qd5 43.Kh4 Qd7 44.Qf6 Qg7 45.Qxe6+ 1-0

[Event "Malmo Open"]
[Site "Malmo"]
[Date "2016.12.17"]
[Round "5.3"]
[White "Lindgren, Philip"]
[Black "Rodkjar Bank, Pelle"]
[Result "1/2-1/2"]
[WhiteElo "2424"]
[BlackElo "2283"]

1.d4 e6 2.c4 b6 3.e4 Bb4+ 4.Bd2 Bxd2+ 5.Qxd2 d5 6.cxd5 exd5 7.e5 Ne7 8.Nf3
O-O 9.Be2 c5 10.Nc3 Be6 11.O-O a6 12.dxc5 bxc5 13.Na4 Nd7 14.Rac1 c4 15.b3
cxb3 16.axb3 Qb8 17.Qe3 Nf5 18.Qc3 a5 19.Bd3 d4 20.Nxd4 Nxd4 21.Qxd4 Nxe5 
22.Be4 Rd8 23.Qc3 Ng4 24.g3 Ra7 25.Nc5 Bd5 26.Bxd5 Rxd5 27.Qc4 Nf6 28.Ne4 
Qd8 29.Nxf6+ gxf6 30.Qg4+ Rg5 31.Qf3 Rd7 32.Rc3 Rgd5 33.h4 f5 34.Kh2 Kg7 
35.Rfc1 Qf6 36.Rc6 R7d6 37.Rxd6 Qxd6 38.Rc4 Qe6 39.Qc3+ Qe5 40.Qc1 h6 41.
Qc2 Qe6 42.Qc3+ Qe5 43.Qf3 Qe6 44.Rf4 Rb5 45.Qc3+ Qe5 46.Qc2 Qe6 47.Rc4 
Qe5 48.Rf4 Qe6 49.Qc3+ Qe5 50.Qc2 Qe6 51.Qc3+ Qe5 52.Qc2 Qe6 1/2-1/2

[Event "Malmo Open"]
[Site "Malmo"]
[Date "2016.12.17"]
[Round "5.4"]
[White "Wengholm, Anders"]
[Black "Brynell, Stellan"]
[Result "1-0"]
[WhiteElo "2204"]
[BlackElo "2448"]

1.Nf3 d5 2.g3 c6 3.Bg2 Bg4 4.O-O Nd7 5.d3 e5 6.e4 dxe4 7.dxe4 Bc5 8.Nbd2 
Ngf6 9.h3 Bh5 10.Qe1 O-O 11.b3 Re8 12.Bb2 Qc7 13.a3 a5 14.Kh1 Bxf3 15.Nxf3
b5 16.Qe2 Nb6 17.Nh4 Bd4 18.Bxd4 exd4 19.Qd3 Qd7 20.Rae1 g6 21.e5 Nh5 22.
Nf3 Rad8 23.Qd2 a4 24.Qh6 f5 25.exf6 Nxf6 26.Ne5 Rxe5 27.Rxe5 axb3 28.cxb3
Nbd5 29.Qh4 Qd6 30.Qxd4 Qxa3 31.Re6 Rd6 32.Rxd6 Qxd6 33.Rc1 Qe6 34.Qc5 Ne7
35.Bxc6 Qxh3+ 36.Kg1 Nf5 37.Bg2 Qg4 38.Qxb5 Kg7 39.Qb7+ Kh6 40.Qf3 Qb4 41.
Qf4+ Qxf4 42.gxf4 Nd4 43.Rb1 Nh5 44.b4 Nxf4 45.b5 Nfe2+ 46.Kf1 Nc3 47.b6 
1-0

[Event "Malmo Open"]
[Site "Malmo"]
[Date "2016.12.17"]
[Round "5.5"]
[White "Hoi, Carsten"]
[Black "Ask, Josef"]
[Result "1-0"]
[WhiteElo "2378"]
[BlackElo "2201"]

1.d4 d5 2.Nf3 Nf6 3.c4 c6 4.e3 g6 5.Nc3 Bg7 6.Bd3 O-O 7.h3 dxc4 8.Bxc4 b5 
9.Bd3 Bb7 10.O-O Nbd7 11.e4 b4 12.Na4 c5 13.e5 Nd5 14.e6 fxe6 15.Ng5 Rf6 
16.Nxc5 Nxc5 17.dxc5 Qc7 18.Qe2 Qc6 19.Ne4 Nf4 20.Bxf4 Rxf4 21.f3 Bd4+ 22.
Kh1 Qd5 23.Ba6 Bc6 24.Bb5 Bb7 25.Rad1 Rd8 26.Rd2 Kg7 27.Rc1 e5 28.c6 Bc8 
29.c7 Rdf8 30.Ba6 Qxa2 31.Bxc8 Rxc8 32.Ng5 Rf5 33.Rxd4 exd4 34.Qxe7+ Rf7 
35.Ne6+ Kg8 36.Qd8+ 1-0

[Event "Malmo Open"]
[Site "Malmo"]
[Date "2016.12.17"]
[Round "5.6"]
[White "Nilsson, Patrik 1978"]
[Black "Manosri Jacobsen, Mikkel"]
[Result "0-1"]
[WhiteElo "2151"]
[BlackElo "2264"]

1.e4 c6 2.d4 d5 3.exd5 cxd5 4.c4 Nf6 5.Nc3 Nc6 6.Nf3 Bg4 7.cxd5 Nxd5 8.Qb3
Bxf3 9.gxf3 e6 10.Qxb7 Nxd4 11.Bb5+ Nxb5 12.Qc6+ Ke7 13.Qxb5 Qd7 14.Qe2 
Nxc3 15.bxc3 f6 16.Qe4 Rc8 17.Rb1 Kf7 18.O-O Bc5 19.Bf4 Bb6 20.Rfd1 Qc6 
21.Qxc6 Rxc6 22.Rd7+ Kg6 23.Be3 Bxe3 24.fxe3 Rxc3 25.Rbb7 Rxe3 26.Kf2 Rc3 
27.Rxg7+ Kf5 28.Rxa7 h5 29.h4 Rd8 30.Rh7 Rdd3 31.Rxh5+ Kg6 32.Rb5 Rxf3+ 
33.Kg2 e5 34.Ra6 Kh5 35.Ra4 Rfd3 36.Kf2 Rd2+ 37.Ke1 Rh2 0-1

[Event "Malmo Open"]
[Site "Malmo"]
[Date "2016.12.17"]
[Round "5.7"]
[White "Harren, Mats"]
[Black "Andersson, Fredrik"]
[Result "1/2-1/2"]
[WhiteElo "2053"]
[BlackElo "2262"]

1.e4 c5 2.c3 d5 3.exd5 Qxd5 4.d4 g6 5.Nf3 Bg7 6.Na3 cxd4 7.Bc4 Qe4+ 8.Be3 
Nh6 9.cxd4 O-O 10.Qb3 Nc6 11.Bd5 Qf5 12.Rc1 Na5 13.Qb5 e6 14.Qxa5 exd5 15.
O-O b6 16.Qb4 Ng4 17.Bg5 Ba6 18.Nb5 Bxb5 19.Qxb5 Rfc8 20.Bd2 Nf6 1/2-1/2

[Event "Malmo Open"]
[Site "Malmo"]
[Date "2016.12.17"]
[Round "5.8"]
[White "Hansen, Lars"]
[Black "Hillarp Persson, Tiger"]
[Result "0-1"]
[WhiteElo "2255"]
[BlackElo "2511"]

1.e4 g6 2.d4 Bg7 3.Nc3 d6 4.Be3 a6 5.h4 Nf6 6.f3 b5 7.Qd2 h5 8.O-O-O c6 9.
Kb1 Qc7 10.e5 Nd5 11.Nxd5 cxd5 12.exd6 Qxd6 13.Bf4 Qb6 14.Be5 Bxe5 15.dxe5
Nc6 16.Ne2 Bf5 17.Nd4 e6 18.Nxc6 Qxc6 19.Bd3 Rc8 20.Qe2 Qb6 21.g4 Bxd3 22.
Rxd3 Rc4 23.b3 a5 24.bxc4 bxc4+ 25.Ka1 cxd3 26.Qxd3 Qc7 27.Qd4 Qxc2 28.Rb1
Kf8 29.Qe3 Kg7 30.Rc1 Qa4 31.Rc7 hxg4 32.fxg4 Qxg4 0-1

[Event "Malmo Open"]
[Site "Malmo"]
[Date "2016.12.17"]
[Round "5.9"]
[White "Storme, Isak"]
[Black "Akesson, Ralf"]
[Result "0-1"]
[WhiteElo "2152"]
[BlackElo "2417"]

1.e4 c6 2.c4 d5 3.exd5 cxd5 4.cxd5 Nf6 5.Nc3 Nxd5 6.Nf3 Nxc3 7.bxc3 g6 8.
Bc4 Bg7 9.h4 h6 10.h5 g5 11.d4 Nc6 12.Qd3 e6 13.Ba3 b6 14.d5 exd5 15.Bxd5 
Ne7 16.Qe3 Be6 17.Bxa8 Qxa8 18.O-O Nd5 19.Qe4 Qc8 20.Qa4+ Qd7 21.Qxd7+ 
Kxd7 22.c4 Nf4 23.Rad1+ Kc8 24.Rfe1 Kb7 25.g3 Nxh5 26.Nd4 Bxd4 27.Rxd4 Rc8
28.Rc1 Nf6 29.Rc3 Nd7 30.f4 gxf4 31.gxf4 a6 32.Kf2 b5 33.Rcd3 Nf6 34.cxb5 
Rc2+ 35.Rd2 Ne4+ 36.Rxe4 Rxd2+ 37.Ke3 Rxa2 38.bxa6+ Kxa6 39.Bf8 h5 40.Re5 
Bg4 41.Rg5 f5 42.Rg6+ Kb5 43.Be7 Re2+ 0-1

[Event "Malmo Open"]
[Site "Malmo"]
[Date "2016.12.17"]
[Round "5.10"]
[White "Eriksson, Christian"]
[Black "Sahl, Bjarke"]
[Result "0-1"]
[WhiteElo "2149"]
[BlackElo "2370"]

1.e4 e5 2.Nf3 Nc6 3.d4 exd4 4.Nxd4 Bb4+ 5.Nc3 Nf6 6.Nxc6 bxc6 7.Bd3 d5 8.
exd5 Qe7+ 9.Qe2 Qxe2+ 10.Kxe2 cxd5 11.Nb5 Kd7 12.c3 Be7 13.Bf4 Bd8 14.Bf5+
Kc6 15.Nxa7+ Rxa7 16.Bxc8 g6 17.Bh3 Rb7 18.Rab1 Re8+ 19.Be3 Ne4 20.Kd3 Bg5
21.f3 Nc5+ 22.Bxc5 Kxc5 23.b4+ Kd6 24.Rhe1 Ra8 25.Re2 Rba7 26.f4 Bf6 27.f5
g5 28.Bg4 Rxa2 29.Rbe1 Rxe2 30.Rxe2 Ra3 31.Rc2 d4 32.Kc4 dxc3 33.Bh5 Ke7 
34.Bf3 Be5 35.h3 Kf6 36.Bd5 Ra1 37.Be4 h5 38.Re2 g4 39.hxg4 hxg4 40.Bc2 
Rf1 41.Bd3 Rf4+ 42.Kb3 g3 43.b5 Rh4 44.Re4 Rh8 45.Re2 Rd8 46.Be4 Ke7 47.
Bc6 f6 48.Kc2 Kd6 49.Kb3 Kc5 50.Kc2 Rh8 51.Kb3 Rh5 52.Bd7 Rh4 53.Kc2 Rf4 
54.Kb3 Rb4+ 55.Kc2 Rd4 56.Bc6 Rf4 57.Bd7 Kb4 58.Bc6 Rxf5 59.Kd3 Rf1 60.Bf3
Kxb5 61.Kc2 Ra1 62.Kb3 c5 63.Bd5 Rb1+ 64.Kc2 Rb4 65.Bf3 c4 66.Re4 Kc5 67.
Kc1 Ra4 68.Kb1 Kb4 69.Be2 Kc5 70.Bf3 Bd4 71.Re2 f5 72.Kc1 f4 73.Re4 Ra1+ 
74.Kc2 Ra2+ 75.Kc1 Be3+ 76.Kb1 c2+ 0-1

[Event "MSF Open"]
[Site "Malmo"]
[Date "2016.12.17"]
[Round "5.11"]
[White "Bensryd, Hampus"]
[Black "Sadiku, Lorik"]
[Result "1/2-1/2"]
[WhiteElo "1483"]
[BlackElo "1492"]

1.b3 e5 2.Bb2 Nc6 3.e3 a6 4.Nf3 d6 5.d4 Bg4 6.Be2 exd4 7.Nxd4 Bxe2 8.Qxe2 
Qd7 9.Nd2 Nf6 10.Qf3 d5 11.O-O Nxd4 12.Bxd4 Be7 13.c4 O-O 14.Rac1 Rac8 15.
Bxf6 Bxf6 16.Qxd5 Qxd5 17.cxd5 Be7 18.Nf3 Bd6 19.Rc4 Rfe8 20.Rfc1 Re7 21.
Nd4 Re5 22.f4 Rxd5 23.e4 b5 24.exd5 bxc4 25.Rxc4 Bxf4 26.Nf5 Bg5 27.d6 g6 
28.dxc7 gxf5 29.Kf2 Kf8 30.Kf3 Ke7 31.Rc5 h6 32.g3 Kd6 33.Rxf5 Rxc7 34.h4 
Bd8 35.Kg4 Ke7 36.Kh5 Rc6 37.b4 Rg6 38.g4 Bb6 39.a4 Bd4 40.Rf4 Be3 41.Rf5 
Rf6 42.Re5+ Re6 43.Rf5 Kf8 44.a5 Kg7 45.b5 axb5 46.Rxb5 Ra6 47.g5 Bd2 48.
Rb6 Ra8 49.a6 hxg5 50.hxg5 Rd8 51.a7 Ra8 52.Rb7 Bf4 53.Kg4 Be3 54.Re7 Bxa7
55.Kf5 Bd4 56.g6 Ra5+ 57.Ke4 Kxg6 58.Kxd4 f5 59.Ke3 Ra1 60.Kf2 Kg5 61.Rb7 
Kg4 62.Rg7+ Kf4 63.Rb7 Ra2+ 64.Kf1 Kg4 65.Rb4+ f4 66.Rb3 f3 67.Rb8 Re2 68.
Rg8+ Kf4 69.Rf8+ Kg4 70.Rg8+ Kf4 71.Rf8+ Ke3 72.Re8+ Kd2 73.Rd8+ Kc3 74.
Rc8+ Kd4 75.Rd8+ Ke4 1/2-1/2

[Event "MSF Open"]
[Site "Malmo"]
[Date "2016.12.17"]
[Round "5.12"]
[White "Olsson, William"]
[Black "Ostergaard-Nielsen, William"]
[Result "1/2-1/2"]
[WhiteElo "1485"]
[BlackElo "1535"]

1.Nf3 d5 2.c4 Nf6 3.b3 Nc6 4.Bb2 Bf5 5.g3 e6 6.Bg2 Bc5 7.O-O O-O 8.cxd5 
exd5 9.d3 Re8 10.a3 a5 11.e3 d4 12.e4 Bg4 13.Qc2 Bb6 14.Nbd2 Bxf3 15.Nxf3 
Ne5 16.Nd2 Nfg4 17.h3 Nf6 18.f4 Ng6 19.Nc4 Rc8 20.g4 Nxe4 21.Bxe4 Rxe4 22.
dxe4 d3+ 23.Nxb6 dxc2 24.Nxc8 Qxc8 25.f5 Ne7 26.Rac1 Qd8 27.Rxc2 Qd3 28.
Rc3 Qd4+ 29.Rf2 c6 30.Rc2 Qd6 31.Rcd2 Qg3+ 32.Rg2 Qe3+ 33.Kh2 h6 34.Rd8+ 
Kh7 35.Rd7 Qf4+ 36.Kg1 Qxe4 37.Rxb7 1/2-1/2